SCANER C A FINAL GR I AND II NEW COURSE (Record no. 4891)

MARC details
000 -LEADER
fixed length control field 00380nam a2200145Ia 4500
008 - FIXED-LENGTH DATA ELEMENTS--GENERAL INFORMATION
fixed length control field 240624s9999 xx 000 0 und d
041 ## - LANGUAGE CODE
Language code of text/sound track or separate title eng
082 ## - DEWEY DECIMAL CLASSIFICATION NUMBER
Classification number 153.94 KUM
100 ## - MAIN ENTRY--PERSONAL NAME
Personal name KUMAR ARUN
245 ## - TITLE STATEMENT
Title SCANER C A FINAL GR I AND II NEW COURSE
250 ## - EDITION STATEMENT
Edition statement (25th ed.)
260 ## - PUBLICATION, DISTRIBUTION, ETC.
Date of publication, distribution, etc. 2004
Place of publication, distribution, etc. Allahabad
Name of publisher, distributor, etc. Shuchita Prakashan(P)Ltd.
300 ## - PHYSICAL DESCRIPTION
Extent xxiv, : 1048p. ; 20cm.
365 ## - TRADE PRICE
Currency code RS
Holdings
Withdrawn status Lost status Damaged status Not for loan Home library Current library Shelving location Date acquired Cost, normal purchase price Full call number Barcode Date last seen Copy number Price effective from Koha item type
        IMTN IMTN Rack 1-B 03/11/2007 70.00 153.94 KUM 4891 06/24/2024 1 06/24/2024 Books
Designed & Maintained by: LRC IMT Nagpur Contact: lrc@imtnag.ac.in© 2024. All Rights Reserved.